Flags of the World #12 - Statistics

General Stats
  • This quiz has been taken 45 times
    11 since last reset
  • The average score is 14 of 16
Answer Stats
Picture Answer % Correct
Burundi
100%
Cape Verde
100%
Central African Republic
100%
Eritrea
100%
Gambia
100%
Lesotho
100%
Saint Lucia
100%
Antigua & Barbuda
83%
Curaçao
83%
East Timor
83%
Guinea-Bissau
83%
San Marino
83%
Seychelles
83%
Solomon Islands
83%
Sint Maarten
67%
Zanzibar
67%
No matching quizzes found
Score Distribution
Percent of People with Each Score
Percentile by Number Answered
Your Score History
You have not taken this quiz since the last reset